<?xml version="1.0" encoding="UTF-8"?>
<record
    xmlns:xsi="http://www.w3.org/2001/XMLSchema-instance"
    xsi:schemaLocation="http://www.loc.gov/MARC21/slim http://www.loc.gov/standards/marcxml/schema/MARC21slim.xsd"
    xmlns="http://www.loc.gov/MARC21/slim">

  <leader>01172nam a22002777a 4500</leader>
  <datafield tag="999" ind1=" " ind2=" ">
    <subfield code="c">21677</subfield>
    <subfield code="d">21677</subfield>
  </datafield>
  <controlfield tag="003">AR-CdUCM</controlfield>
  <controlfield tag="008">190312b           ||||| |||| 00| 0 spa d</controlfield>
  <datafield tag="040" ind1=" " ind2=" ">
    <subfield code="a">MUNICIPALIDAD PROVINCIAL DEL CUSCO</subfield>
    <subfield code="c">BIBLIOTECA MUNICIPAL DEL CUSCO</subfield>
  </datafield>
  <datafield tag="082" ind1=" " ind2=" ">
    <subfield code="a">726.60/P10</subfield>
    <subfield code="b">P10</subfield>
  </datafield>
  <datafield tag="245" ind1=" " ind2=" ">
    <subfield code="a">Por la ruta del barroco cusque&#xF1;o /</subfield>
    <subfield code="c">[textos, Alejandro Repull&#xE9;s, Roberto Samanez Argumedo, Mario Castillo Centeno ... [et al.] ; fotograf&#xED;a, Alfredo Velarde, Daniel Castro ; presentaci&#xF3;n, Fernando Ru&#xED;z Caro Villagarcia]</subfield>
  </datafield>
  <datafield tag="260" ind1=" " ind2=" ">
    <subfield code="a">Cusco :</subfield>
    <subfield code="b">Caja Municipal de Ahorro y Cr&#xE9;dito Cusco,</subfield>
    <subfield code="c">2018.</subfield>
  </datafield>
  <datafield tag="300" ind1=" " ind2=" ">
    <subfield code="a">144, [7] p&#xE1;ginas.</subfield>
    <subfield code="b">ilustraciones en color ;</subfield>
    <subfield code="c">25 x 31 cm.</subfield>
  </datafield>
  <datafield tag="500" ind1=" " ind2=" ">
    <subfield code="z">Bibliograf&#xED;a: p. [149]</subfield>
  </datafield>
  <datafield tag="650" ind1=" " ind2=" ">
    <subfield code="a">Arquitectura barroca</subfield>
    <subfield code="9">45764</subfield>
  </datafield>
  <datafield tag="650" ind1=" " ind2=" ">
    <subfield code="a">Arquitectura religiosa</subfield>
    <subfield code="9">5651</subfield>
  </datafield>
  <datafield tag="650" ind1=" " ind2=" ">
    <subfield code="a">Arte barroco</subfield>
    <subfield code="9">2947</subfield>
  </datafield>
  <datafield tag="650" ind1=" " ind2=" ">
    <subfield code="a">Monumentos hist&#xF3;ricos</subfield>
    <subfield code="9">6891</subfield>
  </datafield>
  <datafield tag="650" ind1=" " ind2=" ">
    <subfield code="a">Templos coloniales</subfield>
    <subfield code="9">45765</subfield>
  </datafield>
  <datafield tag="650" ind1=" " ind2=" ">
    <subfield code="a">Cusco Per&#xFA;</subfield>
    <subfield code="9">45766</subfield>
  </datafield>
  <datafield tag="700" ind1=" " ind2=" ">
    <subfield code="a">Repull&#xE9;s, Alejandro</subfield>
    <subfield code="9">45767</subfield>
  </datafield>
  <datafield tag="700" ind1=" " ind2=" ">
    <subfield code="a">Samanez Argumedo, Roberto</subfield>
    <subfield code="9">5654</subfield>
  </datafield>
  <datafield tag="700" ind1=" " ind2=" ">
    <subfield code="a">Castillo Centeno, Mario</subfield>
    <subfield code="9">8465</subfield>
  </datafield>
  <datafield tag="710" ind1=" " ind2=" ">
    <subfield code="a">Caja Municipal de Ahorro y Cr&#xE9;dito Cusco</subfield>
    <subfield code="9">45737</subfield>
  </datafield>
  <datafield tag="942" ind1=" " ind2=" ">
    <subfield code="2">ddc</subfield>
    <subfield code="c">LIBROS</subfield>
  </datafield>
  <datafield tag="945" ind1=" " ind2=" ">
    <subfield code="a">Roel</subfield>
  </datafield>
  <datafield tag="952" ind1=" " ind2=" ">
    <subfield code="0">0</subfield>
    <subfield code="2">ddc</subfield>
    <subfield code="4">0</subfield>
    <subfield code="7">0</subfield>
    <subfield code="a">SA</subfield>
    <subfield code="b">SA</subfield>
    <subfield code="c">CART</subfield>
    <subfield code="d">2021-03-19</subfield>
    <subfield code="e">Donaci&#xF3;n</subfield>
    <subfield code="g">50.00</subfield>
    <subfield code="o">726.60/P10</subfield>
    <subfield code="p">SA0000000722</subfield>
    <subfield code="r">2021-03-19</subfield>
    <subfield code="y">LIBROS</subfield>
  </datafield>
</record>
